Normal view
MARC view
- Supervisor Dr. Sajid Gul Khawaja Co-Supervisor Dr. Muhammad Usman
Entry Corporate Name
001 - CONTROL NUMBER
- control field: 91917
003 - CONTROL NUMBER IDENTIFIER
- control field: NUST
005 - DATE AND TIME OF LATEST TRANSACTION
- control field: 20220527154613.0
008 - FIXED-LENGTH DATA ELEMENTS
- fixed length control field: 220527|| aca||aabn | a|a d
040 ## - CATALOGING SOURCE
- Original cataloging agency: NUST
- Transcribing agency: NUST
110 ## - HEADING--CORPORATE NAME
- Corporate name or jurisdiction name as entry element: Supervisor Dr. Sajid Gul Khawaja Co-Supervisor Dr. Muhammad Usman
670 ## - SOURCE DATA FOUND
- Source citation: Work cat.: (NUST): Muhammad Usman Farooq 91916, TH-SOF-1994-An Intelligent Framework for Long-term and Short-term Air Pollution Forecasting Using Deep Learning Model, 2022.
